| 000 | 00375pam a2200157 a 4500 | ||
|---|---|---|---|
| 020 | _c | ||
| 041 | _h | ||
| 082 |
_a616 _bSIV |
||
| 100 | _aSIVANANTHAN S., SHERRY E., WARNKE P. | ||
| 245 |
_aMERCER`S T/B OF ORTHOPAEDICS & TRAUMA _hTextual Documents |
||
| 250 | _a10. | ||
| 260 |
_bHODDER ARNOLD _c2012 |
||
| 300 |
_a1598: _bXIX; _cPB. |
||
| 930 | _a5502 | ||
| 999 |
_c800029 _d800029 |
||
| 650 | _aORTHO | ||